Brutus /

Bibliographic Details
Main Author: Cicero, Marcus Tullius
Other Authors: Hendrickson, G. L. (George Lincoln), 1865-, Hubbell, H. M. (Harry Mortimer), 1881-1971
Format: Book
Language:English
Latin
Published: Cambridge : Harvard University Press, 1971.
Edition:[Rev. ed.].
Series:Loeb classical library ; no. 342.
Subjects:

MARC

Tag First Indicator Second Indicator Subfields
LEADER 00000cam a2200000 4500
001 in00000336168
005 20151011055031.0
008 731116s1971 mau b 00100 eng u
035 |a (OCoLC)00743519 
035 |9 ABM1992AM 
040 |c OTC  |d TXA  |d UtOrBLW 
041 0 |a eng  |a lat 
049 |a TXAM  |c [1108783] 
090 |a PA6156.C6  |b B7 1971 
100 1 |a Cicero, Marcus Tullius. 
245 1 0 |a Brutus /  |c with an English translation by G. L. Hendrickson. Orator, with an English translation by H. M. Hubbell. 
250 |a [Rev. ed.]. 
264 1 |a Cambridge :  |b Harvard University Press,  |c 1971. 
300 |a x, 537 pages, 1 unnumbered page ;  |c 17 cm. 
336 |a text  |b txt  |2 rdacontent 
337 |a unmediated  |b n  |2 rdamedia 
338 |a volume  |b nc  |2 rdacarrier 
490 1 |a The Loeb classical library. [Latin authors] ;  |v 342 
500 |a Latin and English on opposite pages. 
504 |a Bibliography: pages 303-305. 
650 0 |a Oratory, Ancient. 
700 1 |a Hendrickson, G. L.  |q (George Lincoln),  |d 1865- 
700 1 |a Hubbell, H. M.  |q (Harry Mortimer),  |d 1881-1971. 
700 1 2 |a Cicero, Marcus Tullius.  |t Orator. 
740 0 |a Orator. 
830 0 |a Loeb classical library ;  |v no. 342. 
999 |a MARS 
999 f f |s 373e2921-1374-3fd8-b5b0-137e1fc5d361  |i c84d9bf4-bf64-3e7c-bccd-51246aa3a8f7  |t 0 
952 f f |p normal  |a Texas A&M University  |b College Station  |c Sterling C. Evans Library  |d Evans: Library Stacks  |t 0  |e PA6156.C6 B7 1971  |h Library of Congress classification  |i unmediated -- volume  |m A14803553279 
998 f f |a PA6156.C6 B7 1971  |t 0  |l Evans: Library Stacks